Historia social de la educación chilena.

Gorde:
Xehetasun bibliografikoak
Egile nagusia: Silva Torrealba, Benjamín (compilador)
Formatua: Liburua
Hizkuntza:gaztelania
Argitaratua: Santiago, Chile: Ediciones Universidad Tecnológica Metropolitana (UTEM), 2015-2023.
Edizioa:1ra. edición.
Gaiak:
Etiketak: Etiketa erantsi
Etiketarik gabe, Izan zaitez lehena erregistro honi etiketa jartzen!

MARC

LEADER 00000cam a2200000 a 4500
001 UCD6520
003 CL-VaPUC
005 20231128171926.0
008 161216e20150000cl |||||||||||||||||spa|d
999 |c 366825  |d 366823 
020 |a 978-956-9677-00-7 (t.1) 
020 |a 978-956-9677-22-9 (t.3) 
020 |a 978-956-9677-29-8 (t.4) 
020 |a 978-956-9677-35-9 (t.5) 
020 |a 978-956-9677-55-7 (t.6) 
020 |a 978-956-9677-70-0 (t.7) 
020 |a 978-956-9677-75-5 (t.8) 
040 |c Pontificia Universidad Católica de Valparaíso 
082 0 4 |a 370.983 SIL 2015 (t.1)  |2 21 
082 0 4 |a 370.983 SIL 2017 (t.3) 
082 0 4 |a 370.983 SIL 2018 (t.4) 
082 0 4 |a 370.983 SIL 2019 (t.5) 
082 0 4 |a 370.983 SIL 2020 (t.6) 
082 0 4 |a 370.983 SIL 2023 (t.7) 
082 0 4 |a 370.983 SIL 2023 (t.8) 
100 |a Silva Torrealba, Benjamín  |e compilador   |9 886240 
245 1 0 |a Historia social de la educación chilena. 
250 |a 1ra. edición. 
260 |a Santiago, Chile:  |b Ediciones Universidad Tecnológica Metropolitana (UTEM),  |c 2015-2023. 
300 |a 8 Tomos. 
505 |a Tomo 1: Instalación, auge y crisis de la reforma alemana 1880 a 1920. Agentes escolares. Tomo 3: Instalación, auge y crisis de la reforma alemana. Chile 1880 a 1920. Estudios finales. Tomo 4: Estado Docente con crecientes niveles de responsabilidad en sus aulas. Chile, 1920 a 1973. Agentes escolares. Tomo 5: Estado Docente con crecientes niveles de responsabilidad en sus aulas. Chile 1920 a 1973. Pensamiento, pensadores y demandas educativas. Tomo 6: Estado Docente con crecientes niveles de responsabilidad en sus aulas. Chile, 1920-1973. Regiones, pueblos originarios y emergencias educativas. Tomo 7: Estado Docente con crecientes niveles de responsabilidad en sus aulas. Chile, 1920-1973. Mujeres, educación rural y regiones. Tomo 8: Los años del neoliberalismo: instalación, auge ¿y crisis? 1973 hasta el presente. Agentes educativos. 
583 |a last modification  |c 20171226 12:48:35  |k Rodrigo Vera 
650 0 |a Educación  |9 258661  |v Historia   |x Reformas, demandas sociales, indígenas, etc.  |x Enseñanza prescolar, básica, media y universitaria   |y Siglos 19-21  |z Chile  
650 0 |a Mujeres  |9 257649  |v Historia  |x Derecho a la educación  |y Siglos 19-21  |z Chile  
942 |c BK  |2 ddc 
945 |d 20161216 10:21:00  |a dcastane 
952 |0 0  |1 0  |2 ddc  |3 erb  |4 0  |6 370_983000000000000_SIL_2015  |7 0  |8 X  |9 481376  |a FDOBUD  |b FDOBUD  |h t.1  |i 5325382  |o 370.983 SIL 2015  |p 5325382  |r 2019-11-24  |w 2019-11-24  |y BK_X  |z Catalogado en:20161216  |k BUD 
952 |0 0  |1 0  |2 ddc  |3 erb  |4 0  |6 370_983000000000000_SIL_2017  |7 0  |8 X  |9 481377  |a FDOBUD  |b FDOBUD  |h t.3  |i 5445191  |o 370.983 SIL 2017  |p 5445191  |r 2019-11-24  |w 2019-11-24  |y BK_X  |z Catalogado en:20171230  |k BUD 
952 |0 0  |1 0  |2 ddc  |4 0  |6 370_983000000000000_SIL_2023  |7 0  |8 A  |9 592677  |a BIBHIS  |b BIBHIS  |c GEN  |d 2023-11-27  |e 13  |g 13348.43  |h t.7  |i 5659680  |l 1  |o 370.983 SIL 2023  |p 5659680  |r 2025-05-02  |s 2024-06-28  |t 1  |v 13348.43  |w 2023-11-27  |y BK  |k HIS 
952 |0 0  |1 0  |2 ddc  |4 0  |6 370_983000000000000_SIL_2023  |7 0  |8 A  |9 592678  |a BIBHIS  |b BIBHIS  |c GEN  |d 2023-11-27  |e 13  |g 13348.43  |h t.8  |i 5659681  |o 370.983 SIL 2023   |p 5659681  |r 2025-01-20  |t 1  |v 13348.43  |w 2023-11-27  |y BK  |k HIS 
952 |0 0  |1 0  |2 ddc  |4 0  |6 370_983000000000000_SIL_2018  |7 0  |8 A  |9 592679  |a BIBHIS  |b BIBHIS  |c GEN  |d 2023-11-27  |e 13  |g 13348.43  |h t.4  |i 5659677  |l 2  |o 370.983 SIL 2018  |p 5659677  |q 2025-05-14  |r 2025-05-07  |s 2025-05-07  |t 1  |v 13348.43  |w 2023-11-27  |y BK  |k HIS 
952 |0 0  |1 0  |2 ddc  |4 0  |6 370_983000000000000_SIL_2020  |7 0  |8 A  |9 592680  |a BIBHIS  |b BIBHIS  |c GEN  |d 2023-11-27  |e 13  |g 13348.43  |h t.6  |i 5659679  |o 370.983 SIL 2020  |p 5659679  |r 2025-01-20  |t 1  |v 13348.43  |w 2023-11-27  |y BK  |k HIS 
952 |0 0  |1 0  |2 ddc  |4 0  |6 370_983000000000000_SIL_2015  |7 0  |8 A  |9 592681  |a BIBHIS  |b BIBHIS  |c GEN  |d 2023-11-27  |e 13  |g 13348.43  |h t.1  |i 5659675  |l 1  |o 370.983 SIL 2015   |p 5659675  |r 2025-03-26  |s 2025-03-20  |t 1  |v 13348.43  |w 2023-11-27  |y BK  |k HIS 
952 |0 0  |1 0  |2 ddc  |4 0  |6 370_983000000000000_SIL_2019  |7 0  |8 A  |9 592682  |a BIBHIS  |b BIBHIS  |c GEN  |d 2023-11-27  |e 13  |g 13348.43  |h t.5  |i 5659678  |l 1  |o 370.983 SIL 2019  |p 5659678  |q 2025-05-14  |r 2025-05-07  |s 2025-05-07  |t 1  |v 13348.43  |w 2023-11-27  |y BK  |k HIS 
952 |0 0  |1 0  |2 ddc  |4 0  |6 370_983000000000000_SIL_2017  |7 0  |8 A  |9 592683  |a BIBHIS  |b BIBHIS  |c GEN  |d 2023-11-27  |e 13  |g 13348.43  |h t.3  |i 5659676  |o 370.983 SIL 2017  |p 5659676  |r 2025-01-20  |t 1  |v 13348.43  |w 2023-11-27  |y BK  |k HIS